=LDR 00000nam 2200000 4500 =001 INLIS000000000021008 =005 20130612115917 =008 ***********************************Ind** =035 ##$$0010-061300000021008 =041 ##$$a Ind =082 ##$$a 372.83 =090 ##$$a 372.83, Dam i =100 ##$$a Damiri =245 ##$$a IPS untuk SD untuk kelas 6, Damiri =260 ##$$a 1997 $b Surakarta =300 ##$$a ...jil, ilus, 28 cm =650 ##$$a Pendidikan dasar =850 ##$$a NBPNMAT